| 000 | 00460cam a2200169 4500 | ||
|---|---|---|---|
| 001 | D13313 | ||
| 008 | 090401t1935 xxu||||| |||| 00| 0 eng d | ||
| 035 | _a(Sirsi) u8967 | ||
| 041 | _aeng | ||
| 110 |
_aLondon County Council _91711 |
||
| 245 | _aReport of the Advisory committee on the amendment of the London Building Act 1930 | ||
| 260 |
_aLondon _bLondon County Council _c1935 |
||
| 350 | _a0 | ||
| 520 | _aShelf 118 | ||
| 942 | _n0 | ||
| 948 | _c04/03/1997 | ||
| 999 |
_c86584 _d86584 |
||